000 00871nam a22002297a 4500
005 20260424144047.0
008 260424b |||||||| |||| 00| 0 eng d
020 _a8189264680 (hbk)
037 _cTB
040 _aCRL
_cCRL
041 _2hin
_ahin
084 _aO152,1NSIx P7
_qCRL
100 _aसिंह, तारा
_91235579
245 _aनदिया - स्नेह बूँद सिकता बनती
260 _aदिल्ली, भारत:
_bमीनाक्षी प्रकाशन,
_c2007.
300 _a80पृ.
365 _b50.00
_cINR
650 _aहिन्दी कविता
650 _aहिन्दी साहित्य
942 _2CC
_cTB
_hO152,1NSIx P7
_n0
999 _c1848527
_d1848527